| 000 | 00366nam a22001217a 4500 | ||
|---|---|---|---|
| 082 | _a200 THE | ||
| 100 |
_aAMMAR HASSAN _931399 |
||
| 245 | _aTH-SOF-1172-IMPACT BASED SENTIMENT ANALYSIS - Thesis Write Up | ||
| 260 |
_aIslamabad _bNUST College of EME _c2015 |
||
| 650 | _a MS-CSE-11 MSTHESIS | ||
| 700 |
_aSupervison DR. MUHAMMAD YOUNUS JAVED _970339 |
||
| 942 | _cCF | ||
| 999 |
_c577375 _d577375 |
||